| 000 | 00505nam a2200157 i 4500 | ||
|---|---|---|---|
| 001 | 146373 | ||
| 003 | ES-MaACL | ||
| 005 | 20230906201517.0 | ||
| 007 | t| | ||
| 008 | 070907s1977 pr ||||1| spa d | ||
| 100 | 1 |
_aTorres Rosado, Félix Juan. _9111013 |
|
| 245 | 1 | 0 |
_aPausa entre el debe y el haber _b: versos y prosas / _cFélix Juan Torres Rosado. |
| 260 |
_aSan Juan (Puerto Rico) : _bCoop. Artes gráf. Romualdo Real, _c1977. |
||
| 300 |
_a61 p. ; _c21 cm. |
||
| 852 |
_aES-MaACL _jA-8461 _bR.97548 |
||
| 999 |
_c146373 _d146373 |
||